| 000 | 01219cam a22003257a 4500 | ||
|---|---|---|---|
| 999 |
_c26740 _d26740 |
||
| 001 | 14427935 | ||
| 005 | 20170206104242.0 | ||
| 008 | 060626s2002 maua 001 0 eng d | ||
| 010 | _a 2006278495 | ||
| 020 | _a1564968782 | ||
| 035 | _a(OCoLC)ocm49778023 | ||
| 040 |
_aJJG _cJJG _dURC _dOCLCQ _dBAKER _dDLC |
||
| 042 | _alccopycat | ||
| 050 | 0 | 0 |
_aNC1002.L47 _bL473 2002 |
| 245 | 0 | 0 | _aLetterhead + logo design 5. |
| 246 | 3 | _aLetterhead + logo design five. | |
| 246 | 3 | _aLetterhead and logo design 5 | |
| 246 | 3 | _aLetterhead & logo design 5 | |
| 250 | _a1st. paperback ed. | ||
| 260 |
_aGloucester, Mass. : _bRockport, _c2002. |
||
| 300 |
_a192 p. : _bill. (chiefly col.) ; _c29 cm. |
||
| 500 | _aIncludes index. | ||
| 650 | 0 |
_aLetterheads _xDesign. |
|
| 650 | 0 |
_aLogos (Symbols) _xDesign. |
|
| 942 |
_2lcc _cBOOKS _hNC1002.L47L473 2002 |
||